International rugby union rankings - Statistics

General Stats
  • This quiz has been taken 30 times
  • The average score is 28 of 40
Answer Stats
Hint Answer % Correct
7 Argentina
96%
9 Australia
96%
5 England
96%
4 France
96%
2 Ireland
96%
3 New zealand
96%
6 Scotland
96%
1 South africa
96%
11 Fiji
92%
8 Italy
92%
12 Japan
92%
10 Wales
92%
14 Samoa
88%
15 Tonga
88%
13 Georgia
85%
16 Portugal
85%
20 Romania
85%
29 Brazil
81%
21 Canada
81%
25 Russia
81%
19 Spain
81%
17 Usa
77%
27 Netherlands
73%
18 Uruguay
73%
28 Belgium
69%
32 Germany
69%
22 Namibia
69%
23 Chile
65%
37 Poland
62%
31 Zimbabwe
62%
33 Sweden
50%
26 Switzerland
50%
34 Kenya
42%
35 Czechia
35%
24 Hong kong
31%
38 Paraguay
31%
36 Uganda
31%
39 Croatia
27%
40 Phillippines
19%
30 Korea
12%
No matching quizzes found
Score Distribution
Percent of People with Each Score
Percentile by Number Answered
Your Score History
You have not taken this quiz